Libro-Homenaje Goyanes. (Record no. 92210)

MARC details
000 -LEADER
campo de control de longitud fija 00403nam a2200145 i 4500
001 - NÚMERO DE CONTROL
campo de control 92210
003 - IDENTIFICADOR DE NÚMERO DE CONTROL
campo de control ES-MaACL
007 - CAMPO FIJO DE DESCRIPCIÓN FÍSICA--INFORMACIÓN GENERAL
campo de control de longitud fija t|
008 - DATOS DE LONGITUD FIJA--INFORMACIÓN GENERAL
campo de control de longitud fija 050223s19291930sp ||||1| spa d
245 00 - MENCIÓN DEL TÍTULO
Título Libro-Homenaje Goyanes.
260 ## - PUBLICACIÓN, DISTRIBUCIÓN, ETC.
Lugar de publicación, distribución, etc. Madrid :
Nombre del editor, distribuidor, etc. Gaceta Médica Española,
Fecha de publicación, distribución, etc. 1929-1930.
300 ## - DESCRIPCIÓN FÍSICA
Extensión 730 p. :
Otras características físicas il. ;
Dimensiones 25 cm.
600 14 - PUNTO DE ACCESO ADICIONAL DE MATERIA--NOMBRE DE PERSONA
Nombre de persona Goyanes Capdevila, José-
Subdivisión de forma Homenajes.
9 (RLIN) 59402
852 ## - LOCALIZACIÓN
Ubicación ES-MaACL
Número de control de estantería E-999
Holdings
Estatus retirado Estado de pérdida Estado de daño No para préstamo Biblioteca de origen Biblioteca actual Ubicación en estantería Fecha de adquisición Fuente de adquisición Total de préstamos Signatura topográfica completa Código de barras Visto por última vez Precio de reemplazo Tipo de ítem Koha
        Biblioteca del Ateneo de Madrid Biblioteca del Ateneo de Madrid Depósito 2 17/01/2008     E-999 1096270 23/02/2023 23/02/2023 Libro impreso